• 首页
  • 本馆介绍
  • 公告通知
  • 最新文献
  • 馆藏检索
  • 电子资源
  • 读者导购
  • 参考咨询
  • 我的图书馆
  • 登录
  • 详细信息显示
  • 放入我的书架
  • 预约/预借图书
  • 作者相关作品
  • 分类相关作品
  • 丛书相关作品
  • 出版社相关作品

书目信息

  • 表格格式
  • 工作单格式
  • 卡片格式
题名:
高校民族器乐教学与实践研究
    
 
作者: 庞迪蓉 著
分册:  
出版信息: 哈尔滨   东北林业大学出版社  2019.11
页数: 234页
开本: 23cm
丛书名:
单 册:
中图分类: J632.06
科图分类:
主题词: 民族器乐--教学研究--高等学校--中国
电子资源:
ISBN: 978-7-5674-1545-4
000 00905nam0 2200253 45
001 489833
005 20140818180049.0
010    @a978-7-5674-1545-4@dCNY68.00
099    @aCAL 012020098241
100    @a20200630d2018 em y0chiy0110 ea
101 0  @achi
102    @aCN@b230000
105    @aa a 000yy
106    @ar
200 1  @a高校民族器乐教学与实践研究@Agao xiao min zu qi yue jiao xue yu shi jian yan jiu@f庞迪蓉著
210    @a哈尔滨@c东北林业大学出版社@d2019.11
215    @a234页@c图@d23cm
320    @a有书目 (第232-234页)
330    @a本书共分为6章, 主要内容包括: 民族器乐基本知识、高校民族器乐教育与教学、高校民族器乐理论教学研究、高校民族器乐的教学改革探究、高校民族器乐的课程开发与教学实践等。
606 0  @a民族器乐@x教学研究@x高等学校@y中国
690    @aJ632.06@v5
701  0 @a庞迪蓉@Apang di rong@4著
801    @aCN@b江苏凤凰@c20211018
905    @b1356556-9@dJ632.06@e209@f4
    
    高校民族器乐教学与实践研究/庞迪蓉著.-哈尔滨:东北林业大学出版社,2019.11
    234页:图;23cm
    
    
    ISBN 978-7-5674-1545-4:CNY68.00
    本书共分为6章, 主要内容包括: 民族器乐基本知识、高校民族器乐教育与教学、高校民族器乐理论教学研究、高校民族器乐的教学改革探究、高校民族器乐的课程开发与教学实践等。
●
相关链接 在E读中查询图书 在五车中查询图书 在当当中查询图书 在豆瓣中查询图书


正题名:高校民族器乐教学与实践研究     索取号:J632.06/209         预约/预借

序号 登录号 条形码 馆藏地/架位号 状态 备注
1 1356556   213565569   第一样本阅览室/ [索取号:J632.06/209] 在馆    
2 1356557   213565578   第一借阅区/ [索取号:J632.06/209] 在馆    
3 1356558   213565587   第一借阅区/ [索取号:J632.06/209] 在馆    
4 1356559   213565596   第一借阅区/ [索取号:J632.06/209] 在馆    
唐山师范学院图书馆 欢迎您!
大连网信软件有限公司© 版权所有